| 000 | 00961nam a2200193 a 4500 | ||
|---|---|---|---|
| 001 | 000741383 | ||
| 003 | AM-YeHGA | ||
| 005 | 20250617143402.0 | ||
| 008 | 100608s1985 ||| r 000 0 rus d | ||
| 040 | _aAM-YeHGA | ||
| 041 | 0 | _arus | |
| 245 | 0 | 0 |
_aСистема автоматизированного проектирования микропроцессорных устройств МЕТАМИКРО / _cАН БССР, Ин-т техн. кибернетики; Авт.-сост. Л.А. Гриншпан и др. |
| 260 |
_aМинск : _bИн-т техн. кибернетики, _c1985. |
||
| 300 |
_a94 с. : _b[1] л. схем. |
||
| 440 | 0 | _aМатериалы по математическому обеспечению ЭВМ | |
| 653 | 0 | _aМикропроцессоры - Проектирование - Автоматизация | |
| 653 | 0 | _aАвтоматизированные системы проектирования | |
| 090 | _c275883 | ||
| 999 |
_c274239 _d274239 |
||